000 00959 a2200193 4500
003 Nust
005 20221019143305.0
040 _cNust
082 _a620.00420285,GIB
100 _aJohn W.Gibb
_9100825
245 _aTeach Yourself Autocad 13 :
_bfor Windows /
_cJohn W.Gibb
250 _aCovers Through Version 13
260 _aNew Delhi
_bBPB
_c1995
300 _axi,371p;
505 _aGetting Started (Page-5), A Quick Tour of Auto CAD (Page-15), Drawing Commands (Page-47), Editing Commands (Page-83), More Editing Commands (Page-107), Still More Editing Commands (Page-129), Display Commands (Page-161), Precision Input (Page-197), Inquiry Commands (Page-219), Annotating the Drawing (Page-241), Using Block and External References (Page-289), Plotting and Peperspace (Page-313), Putting it all Together (Page-343), Configuring AutoCAD (Page-355), Index (Page-363).
610 _aAutocad
_9100826
650 _aAutocad
_966663
942 _2ddc
_cBK
999 _c196051
_d196051